Faculty of Law Library — Cairo University

Official Online Catalog

The USSR In World Politics / (Record no. 75642)

MARC details
000 -LEADER
fixed length control field 01048nam a2200325 i 4500
003 - CONTROL NUMBER IDENTIFIER
control field EG-GICUC
005 - DATE AND TIME OF LATEST TRANSACTION
control field 20260505113100.0
008 - FIXED-LENGTH DATA ELEMENTS--GENERAL INFORMATION
fixed length control field 260505m19801982ru ||||fr|||| 001 0 eng d
040 ## - CATALOGING SOURCE
Original cataloging agency EG-GiCUC
Language of cataloging eng
Transcribing agency EG-GiCUC
Modifying agency EG-GiCUC
Description conventions rda
041 #0 - LANGUAGE CODE
Language code of text/sound track or separate title eng
082 04 - DEWEY DECIMAL CLASSIFICATION NUMBER
Edition number 21
Classification number 342.4047
Item number LE . U
092 04 - LOCALLY ASSIGNED DEWEY CALL NUMBER (OCLC)
Edition number 21
099 ## - LOCAL FREE-TEXT CALL NUMBER (OCLC)
Classification number Law1 11 342.4047 LE . U 1982 0804734 C1
100 1# - MAIN ENTRY--PERSONAL NAME
Personal name Lebedev, Nikolai
Relator term Author.
245 14 - TITLE STATEMENT
Title The USSR In World Politics /
Remainder of title by Nikolai Lebedev.
264 #1 - PRODUCTION, PUBLICATION, DISTRIBUTION, MANUFACTURE, AND COPYRIGHT NOTICE
Place of production, publication, distribution, manufacture Moscow :
Name of producer, publisher, distributor, manufacturer Progress Publishers,
Date of production, publication, distribution, manufacture, or copyright notice 1982.
300 ## - PHYSICAL DESCRIPTION
Extent 380 Pages ;
Dimensions 24 cm.
336 ## - CONTENT TYPE
Source rda content
Content type term text
337 ## - MEDIA TYPE
Source rda media
Media type term Computer
338 ## - CARRIER TYPE
Source rda carrier
Carrier type term Online Resource
500 ## - GENERAL NOTE
General note Index Pages : 308-318.
546 ## - LANGUAGE NOTE
Language note Text in English
650 14 - SUBJECT ADDED ENTRY--TOPICAL TERM
Topical term or geographic name entry element Political systems
650 14 - SUBJECT ADDED ENTRY--TOPICAL TERM
Topical term or geographic name entry element International politics
651 14 - SUBJECT ADDED ENTRY--GEOGRAPHIC NAME
Geographic name Russia
General subdivision International politics
710 #1 - ADDED ENTRY--CORPORATE NAME
Corporate name or jurisdiction name as entry element Ussr Academy Of Scjences Soviet Political Science Association
856 40 - ELECTRONIC LOCATION AND ACCESS
Uniform Resource Identifier <a href="https://fll.law.cu.edu.eg/fulltext/bks/B08-04734.pdf">https://fll.law.cu.edu.eg/fulltext/bks/B08-04734.pdf</a>
905 ## - Cataloger and Reviser Names
Cataloger Name: Mohamed Yosri
942 ## - ADDED ENTRY ELEMENTS (KOHA)
Source of classification or shelving scheme Dewey Decimal Classification
Koha item type Books
Edition 21
Suppress in OPAC No
Holdings
Withdrawn status Lost status Source of classification or shelving scheme Damaged status Not for loan Collection Home library Current library Date acquired Total checkouts Full call number Barcode Date last seen Copy number Price effective from Koha item type
    Dewey Decimal Classification   Not for loan القانون الدستوري جــــامعة القــاهرة مكتبة كلية الحقوق - المبنى الرئيسي 05.05.2026   Law1 11 342.4047 LE . U 1982 0804734 C1 B08-04734 05.05.2026 1 05.05.2026 Books

© All rights reserved — Faculty of Law, Cairo University